000 00420nam a2200157 a 4500
005 20140412111340.0
008 040906s19uu xx 00 eng d
020 _a0-307-44418-x
050 _aER
_bFl64 2001
100 _aMackall, Dandi
245 _aThe Flintones :
_bNo Biz like show biz /
_cDandi Mackall.
260 _aNew York :
_bGolden,
_c2001.
300 _aunp.
440 _aCartoon Network
999 _c105101
_d105101